Brooke Shields is not allowed to get old : (Record no. 404653)
[ view plain ]
| 000 -LEADER | |
|---|---|
| fixed length control field | 01960pam a2200421 i 4500 |
| 001 - CONTROL NUMBER | |
| control field | 2024035132 |
| 003 - CONTROL NUMBER IDENTIFIER | |
| control field | DLC |
| 005 - DATE AND TIME OF LATEST TRANSACTION | |
| control field | 20250220163209.0 |
| 008 - FIXED-LENGTH DATA ELEMENTS--GENERAL INFORMATION | |
| fixed length control field | 240908s2025 nyu b 000 0aeng |
| 010 ## - LIBRARY OF CONGRESS CONTROL NUMBER | |
| LC control number | 2024035132 |
| 020 ## - INTERNATIONAL STANDARD BOOK NUMBER | |
| International Standard Book Number | 9781250346940 |
| Qualifying information | (hardcover) |
| 020 ## - INTERNATIONAL STANDARD BOOK NUMBER | |
| International Standard Book Number | 9781250406019 |
| Qualifying information | (signed) |
| 020 ## - INTERNATIONAL STANDARD BOOK NUMBER | |
| Cancelled/invalid ISBN | 9781250346964 |
| Qualifying information | (ebook) |
| 035 ## - SYSTEM CONTROL NUMBER | |
| System control number | (OCoLC)1458756894 |
| 040 ## - CATALOGING SOURCE | |
| Original cataloging agency | LBSOR |
| Language of cataloging | eng |
| Description conventions | rda |
| Transcribing agency | LBSOR |
| Modifying agency | DLC |
| -- | TnLvILS |
| 042 ## - AUTHENTICATION CODE | |
| Authentication code | pcc |
| 043 ## - GEOGRAPHIC AREA CODE | |
| Geographic area code | n-us--- |
| 092 ## - LOCALLY ASSIGNED DEWEY CALL NUMBER (OCLC) | |
| Classification number | general nonfiction |
| Item number | 791.43 Shields, Brooke |
| 100 1# - MAIN ENTRY--PERSONAL NAME | |
| Personal name | Shields, Brooke, |
| Dates associated with a name | 1965- |
| Relator term | author. |
| 245 10 - TITLE STATEMENT | |
| Title | Brooke Shields is not allowed to get old : |
| Remainder of title | thoughts on aging as a woman / |
| Statement of responsibility, etc | Brooke Shields with Rachel Bertsche. |
| 246 3# - VARYING FORM OF TITLE | |
| Title proper/short title | Brooke Shields isn't allowed to get old. |
| 250 ## - EDITION STATEMENT | |
| Edition statement | First edition. |
| 264 #1 - Production, Publication, Distribution, Manufacture, and Copyright Notice. | |
| Place of production, publication, distribution, manufacture | New York : |
| Name of producer, publisher, distributor, manufacturer | Flatiron Books, |
| Date of production, publication, distribution, manufacture, or copyr | 2025. |
| 300 ## - PHYSICAL DESCRIPTION | |
| Extent | 240 pages ; |
| Dimensions | 25 cm. |
| 336 ## - Content Type | |
| Content type term | text |
| 337 ## - Media type | |
| Media type term | unmediated |
| 338 ## - Carrier type | |
| Carrier type term | volume |
| 504 ## - BIBLIOGRAPHY, ETC. NOTE | |
| Bibliography, etc | Includes bibliographical references. |
| 505 0# - FORMATTED CONTENTS NOTE | |
| Formatted contents note | Previously owned by Brooke Shields -- Not backing down, not backing out -- Character study -- Bradley Cooper, guardian angel -- No longer the punching bag -- More than just a pretty face -- Coming in hot -- I'll be there for you -- They flew the coop -- Sex and the middle-aged woman -- The parent trap -- What could have been -- Minding my own business -- The good part. |
| 520 ## - SUMMARY, ETC. | |
| Summary, etc | "From Brooke Shields, the icon who has inspired generations of women, comes a thoughtful, intimate, and candid exploration of the humility and power of aging."-- |
| 600 10 - SUBJECT ADDED ENTRY--PERSONAL NAME | |
| Personal name | Shields, Brooke, |
| Dates associated with a name | 1965- |
| 650 #0 - SUBJECT ADDED ENTRY--TOPICAL TERM | |
| Topical term or geographic name as entry element | Actresses |
| Geographic subdivision | United States |
| Form subdivision | Biography. |
| 9 (RLIN) | 5747380 |
| 650 #0 - SUBJECT ADDED ENTRY--TOPICAL TERM | |
| Topical term or geographic name as entry element | Middle-aged women |
| Geographic subdivision | United States |
| General subdivision | Social conditions. |
| 9 (RLIN) | 6539176 |
| 650 #0 - SUBJECT ADDED ENTRY--TOPICAL TERM | |
| Topical term or geographic name as entry element | Ageism |
| Geographic subdivision | United States. |
| 9 (RLIN) | 6539177 |
| 655 #7 - INDEX TERM--GENRE/FORM | |
| Genre/form data or focus term | Autobiographies. |
| Source of term | lcgft. |
| 700 1# - ADDED ENTRY--PERSONAL NAME | |
| Personal name | Bertsche, Rachel, |
| Relator term | author. |
| 9 (RLIN) | 6539178 |
| 942 ## - ADDED ENTRY ELEMENTS (KOHA) | |
| Source of classification or shelving scheme | Dewey Decimal Classification |
| Koha item type | BOOK |
| Withdrawn status | Lost status | Source of classification or shelving scheme | Damaged status | Not for loan | Collection code | Home library | Current library | Shelving location | Date acquired | Source of acquisition | Total Checkouts | Total Renewals | Full call number | Barcode | Date last seen | Date checked out | Cost, replacement price | Price effective from | Koha item type |
|---|---|---|---|---|---|---|---|---|---|---|---|---|---|---|---|---|---|---|---|
| Dewey Decimal Classification | General NonFiction | Wasatch County Library | Wasatch County Library | Second Floor | 02/20/2025 | Micromarketing | 3 | 2 | 791.43 Shields | 34301002110577 | 03/09/2026 | 04/26/2025 | 29.99 | 02/20/2025 | BOOK |
